000 01259nam a22002657a 4500
005 20170124103106.0
010 _aB-091671
020 _c150.00
035 _aB-091671
037 _bCen Lib/Ret
040 _aDPL
_bHN
082 _a080
_bअग्रवा
100 _aअग्रवाल, गिरिराजशरण
_943015
245 _aवादविवाद प्रतियोगिता पक्ष और विपक्ष /
_cगिरिराजशरण अग्रवाल [एवं] मीना अग्रवाल
246 _aVaadvivad pratiyogita paksh aur vipaksh /
_bby Girirajsharan Agarval [evam] Meena Agarval
260 _aनई दिल्ली
_bडायमंड पॉकेट बुक्स
_c2003
270 _bनई दिल्ली
_aX-30 ओखला एंड एरिया, फेज-2
_e110020
300 _a184पृ.
_c19सेमी (सजिल्द)
650 _aहिंदी--पत्रकारिता
_91191
650 _aभाषा कौशल
_91541
650 _aHindi--Journalism
_943511
650 _aLanguage skills
_978298
700 _aअग्रवाल, मीना
_978299
942 _2ddc
_cHN
_h080
_mअग्रवा
999 _c118092
_d118092